000 00475nam a2200193Ia 4500
005 20250423100236.0
008 250422s9999 xx 000 0 und d
020 _a81-219-0374-2
050 _aHB 172 .A38/
100 _aAhuja, H.L.
245 0 _aModern micro economics : theory and applications
250 _a15th ed.
260 _aNew Delhi
260 _bS. Chand and Company Ltd
260 _c2009
300 _a896 p
650 _aMicro Economics
942 _cBK
999 _c32711
_d32711